00432nam a2200157Ia 4500008004100000040001900041041001200060082001900072100002000091245005900111260003400170300001900204504001900223650001400242850001800256131103s9999 xx 000 0 und d aLoreto College aEnglish a920/SHEbLCLIB aSheean, Vincent aPersonal history(in search of history)cVincent Sheean aLondonbHamish Hamiltonc1937 a448p. c 23cm. aIncludes index aBiography aLCLIB/920/SHE